000 00220nam a2200097Ia 4500
008 240331s9999 xx 000 0 und d
082 _bSEN
100 _aSenarathne,P.M
245 0 _aSri Lankawe vivaha charithra
942 _cL
999 _c5150
_d5150